000 00703cam a22002293a 4500
001 7435
003 PGUSA
005 20140828083144.0
008 060606s2006||||xxu|||||s|||||000 1 eng d
040 _aPGUSA
_beng
042 _adc
050 4 _aPR
100 1 _aBlackmore, R. D.
_q(Richard Doddridge),
_d1825-1900
245 1 0 _aSpringhaven :
_bA Tale of the Great War
_h[electronic resource] /
_cR. D. Blackmore
260 _bProject Gutenberg,
_c2006
506 _aPublic domain in the USA.
516 _aElectronic text
653 _aGreat Britain -- History -- Regency, 1800-1837 -- Fiction
830 0 _aProject Gutenberg
_v7435
856 4 0 _uhttp://www.gutenberg.org/ebooks/7435
942 _cEB
999 _c236755
_d236755